|
|
|
|
| LEADER |
00000cam a2200000 a 4500 |
| 001 |
vtls001447282 |
| 003 |
SK-MaSNL |
| 005 |
20260301121255.0 |
| 008 |
251112s2002 xo aa r 00000 slo |
| 015 |
|
|
|a SNBA2003/03-00726
|
| 020 |
|
|
|a 8071143685
|
| 035 |
|
|
|a SNK000402538
|
| 040 |
|
|
|a SNK
|b slo
|c SNK
|e AACR2
|
| 041 |
0 |
|
|a slo
|
| 044 |
|
|
|a xo
|c SK
|
| 080 |
|
|
|a 341.7:929
|2 1981
|
| 080 |
|
|
|a 929 Mikuš, Jozef A.
|2 1981
|
| 080 |
|
|
|a 929 Perréal-Mikušová, Renée
|2 1981
|
| 100 |
1 |
|
|a Mikuš, Jozef A.,
|d 1909-2005
|4 aut
|9 120390
|
| 245 |
1 |
0 |
|a Môj život s Renée
|c Jozef A. Mikuš ; zostavil Jozef M. Rydlo ; [tri ilustrácie Jozef G. Cincík]
|
| 260 |
|
|
|a Bratislava
|b Lúč
|c 2002
|
| 300 |
|
|
|a 155 s.
|b ilustr., fotogr.
|c 19 cm
|
| 500 |
|
|
|a Ilustr. na front.
|
| 500 |
|
|
|a Údaj o ilustr. prevzatý z tir.
|
| 504 |
|
|
|a Bibliogr. s. 154-155
|
| 600 |
2 |
7 |
|a Perréal-Mikušová, Renée,
|d 1910-1991
|2 SNKMA
|9 102421
|
| 600 |
1 |
7 |
|a Mikuš, Jozef A.,
|d 1909-2005
|2 SNKMA
|9 120390
|
| 655 |
|
7 |
|a príručky
|2 SNKPH
|9 74364
|
| 700 |
1 |
|
|a Rydlo, Jozef M.,
|d 1948-
|4 com
|9 207120
|
| 700 |
1 |
|
|a Cincík, Jozef G.,
|d 1909-1992
|4 ill
|9 25331
|
| 700 |
1 |
|
|a Vaško, Imrich,
|d 1936-2010
|4 dnr
|9 206049
|
| 919 |
|
|
|a 80-7114-368-5
|
| 958 |
|
|
|a TL
|
| 958 |
|
|
|a NB
|
| 958 |
|
|
|a BX
|
| 958 |
|
|
|a BC
|
| 958 |
|
|
|a OND
|
| 999 |
|
|
|c 728813
|d 730743
|
| 952 |
|
|
|a SNK
|b SNK
|y PREZ
|7 0
|p 17A0369832
|o snkSD 72592
|i snkKSP 34/2003
|0 0
|1 0
|4 0
|d 2003-01-07
|l 0
|r 2005-01-02 00:00:00
|w 2026-02-23
|
| 952 |
|
|
|a SNK
|b SNK
|y VYP
|7 0
|p 17A0369831
|o snkSD 72592 D1
|i snkKSP 35/2003
|0 0
|1 0
|4 0
|d 2003-01-07
|l 0
|r 2005-01-02 00:00:00
|w 2026-02-23
|